[Event "Elit(Kamraterna-Solna)"]
[Site "?"]
[Date "2004.??.??"]
[Round "11"]
[White "Wengholm, Anders"]
[Black "Landgren, Andreas"]
[Result "1/2-1/2"]
[WhiteElo "2261"]
[BlackElo "2220"]
[PlyCount "93"]

1. Nf3 c5 2. c4 Nc6 3. d4 cxd4 4. Nxd4 e6 5. Nb5 d6 6. N1c3 a6 7. Na3 Nf6 8. e4
Be7 9. Be2 O-O 10. O-O Qc7 11. Be3 b6 12. Rc1 Bb7 13. f3 Rab8 14. Nd5 exd5 15.
cxd5 b5 16. dxc6 Bxc6 17. Nc2 Qd7 18. Qd2 Rfe8 19. Rfd1 Ba8 20. Nb4 Bb7 21. e5
dxe5 22. Qxd7 Nxd7 23. Rxd7 Bxb4 24. Rcc7 Bc8 25. Rxf7 Bf8 26. Ra7 Be6 27. Rfc7
Bxa2 28. Rxa6 Bb3 29. Kf2 b4 30. Raa7 Rbc8 31. h3 Rxc7 32. Rxc7 Rd8 33. Bc4+
Bxc4 34. Rxc4 Kf7 35. Ke2 Rd7 36. Bd2 Rb7 37. Ke3 Ke6 38. Ke4 Bd6 39. g3 Rb8
40. h4 Rb7 41. h5 Rb8 42. Rc6 Kd7 43. Rc4 Ke6 44. h6 gxh6 45. Bxh6 Rg8 46. g4
Ra8 47. f4 1/2-1/2

[Event "Elit(Kamraterna-Solna)"]
[Site "?"]
[Date "2004.??.??"]
[Round "11"]
[White "Bjarnehag, Peter"]
[Black "Svenn, Matti"]
[Result "0-1"]
[WhiteElo "2235"]
[BlackElo "2251"]
[PlyCount "75"]

1. Nf3 Nf6 2. c4 g6 3. d4 Bg7 4. g3 O-O 5. Bg2 d6 6. Nc3 Nbd7 7. O-O e5 8. e4
Re8 9. h3 c6 10. b3 exd4 11. Nxd4 Nc5 12. Re1 a5 13. Rb1 Qb6 14. Be3 Qc7 15.
Qc2 Nfd7 16. Rbd1 Ne5 17. f4 Ned7 18. Bf2 Nf8 19. Re2 Bd7 20. Red2 b6 21. a3
Nb7 22. g4 Ne6 23. Nde2 g5 24. f5 Nf4 25. Nxf4 gxf4 26. Bd4 Bh6 27. Bf3 Bg5 28.
Ne2 Bc8 29. Kg2 Nc5 30. Bf2 Qe7 31. Nc3 Bh4 32. Bxh4 Qxh4 33. Ne2 Qg5 34. Rxd6
h5 35. b4 hxg4 36. hxg4 axb4 37. axb4 Nxe4 38. Bxe4 0-1

[Event "Elit(Kamraterna-Solna)"]
[Site "?"]
[Date "2004.??.??"]
[Round "11"]
[White "Dalmau, Anneli"]
[Black "Haggstrom, Olle"]
[Result "1/2-1/2"]
[WhiteElo "1987"]
[BlackElo "2213"]
[PlyCount "47"]

1. e4 e6 2. d4 d5 3. exd5 exd5 4. Nf3 Bg4 5. c4 Bb4+ 6. Nc3 Ne7 7. a3 Bxc3+ 8.
bxc3 Nbc6 9. Bd3 dxc4 10. Bxc4 O-O 11. O-O Na5 12. Bd3 Bf5 13. Rb1 b6 14. Bxf5
Nxf5 15. Qd3 Ne7 16. Ng5 Ng6 17. Qh3 h6 18. Nf3 a6 19. Qg3 Nc4 20. a4 Qd6 21.
Qxd6 Nxd6 22. Ba3 Rfd8 23. Nd2 Rd7 24. Rfe1 1/2-1/2

[Event "Elit(Kamraterna-Solna)"]
[Site "?"]
[Date "2004.??.??"]
[Round "11"]
[White "Madebrink, Lars"]
[Black "Johansson, Thomas"]
[Result "1/2-1/2"]
[WhiteElo "2239"]
[BlackElo "1954"]
[PlyCount "89"]

1. d4 Nf6 2. Nf3 e6 3. g3 b5 4. Bg2 Bb7 5. O-O d6 6. c3 Nbd7 7. a4 a6 8. Nbd2
c5 9. Re1 Be7 10. e4 cxd4 11. Nxd4 e5 12. Nf5 g6 13. Nxe7 Kxe7 14. Nb3 Bc6 15.
a5 Qc7 16. Bh6 Qb7 17. Qe2 Rhg8 18. Rad1 Ne8 19. Bc1 g5 20. h3 f5 21. f3 f4 22.
Qf2 Qa7 23. g4 Qxf2+ 24. Kxf2 Ndf6 25. Bf1 Nc7 26. Be2 h5 27. c4 hxg4 28. hxg4
Nd7 29. Bd2 Nc5 30. Nxc5 dxc5 31. b4 bxc4 32. Bxc4 Rh8 33. Rh1 Bb5 34. Bxb5
Nxb5 35. bxc5 Rad8 36. Bb4 Rxd1 37. Rxh8 Rb1 38. Be1 Rb2+ 39. Kf1 Nd4 40. Bc3
Rb1+ 41. Kf2 Nxf3 42. Rh7+ Kd8 43. Rh8+ Kc7 44. Rh7+ Kc8 45. Rh8+ 1/2-1/2

[Event "Elit(Schack08-SodraSASS)"]
[Site "?"]
[Date "2004.??.??"]
[Round "11"]
[White "Ingbrandt, Johan"]
[Black "Kulaots, Kaido"]
[Result "0-1"]
[WhiteElo "2482"]
[BlackElo "2598"]
[PlyCount "80"]

1. d4 Nf6 2. c4 e6 3. Nc3 Bb4 4. e3 O-O 5. Bd3 d5 6. cxd5 exd5 7. Nge2 Bd6 8.
f3 c5 9. O-O Nc6 10. Qe1 Re8 11. Qh4 Ne7 12. g4 h6 13. Kh1 Nh7 14. Nb5 a6 15.
Nxd6 Qxd6 16. Bd2 Nc6 17. Rae1 Bd7 18. a3 Ng5 19. Qf2 cxd4 20. exd4 Qf6 21. Rd1
Rad8 22. h4 Ne6 23. f4 Nexd4 24. Bc3 Bxg4 25. Nxd4 Bxd1 26. Rxd1 Ne5 27. Bf5
Nc4 28. Rg1 Kh8 29. Ne6 Qxf5 30. Qg2 Qg6 31. Nxd8 Rxd8 32. Bxg7+ Kh7 33. Bd4
Qxg2+ 34. Rxg2 Rg8 35. Re2 Rg4 36. h5 Rxf4 37. Bc3 d4 38. Bb4 Rh4+ 39. Kg2 Rxh5
40. Re7 Kg6 0-1

[Event "Elit(Schack08-SodraSASS)"]
[Site "?"]
[Date "2004.??.??"]
[Round "11"]
[White "Akesson, Ralf"]
[Black "Laveryd, Peter"]
[Result "1-0"]
[WhiteElo "2608"]
[BlackElo "2455"]
[PlyCount "87"]

1. d4 d6 2. Nf3 Bg4 3. e4 Nf6 4. Bd3 g6 5. O-O Bg7 6. Nbd2 O-O 7. h3 Bxf3 8.
Nxf3 Nfd7 9. c3 c5 10. d5 Ne5 11. Nxe5 Bxe5 12. Bh6 Bg7 13. Bxg7 Kxg7 14. f4
Nd7 15. Qe2 Qc7 16. Rae1 Rac8 17. Bc4 a6 18. a4 Nb6 19. Ra1 Qd7 20. Bb3 c4 21.
Bc2 a5 22. Rfd1 Rc5 23. Rd4 Qc7 24. Re1 Rd8 25. Qf3 Qd7 26. Qd1 Qc7 27. h4 Nd7
28. Qd2 b5 29. axb5 Nb6 30. h5 Rxb5 31. Bd1 Qa7 32. Kh2 a4 33. Re3 a3 34. bxa3
Qxa3 35. Rh3 Rb2 36. Qe3 Qa2 37. Bf3 Nd7 38. e5 Qa1 39. hxg6 hxg6 40. f5 dxe5
41. Qh6+ Kf6 42. Qh4+ Kg7 43. f6+ Kg8 44. Qh8# 1-0

[Event "Elit(Schack08-SodraSASS)"]
[Site "?"]
[Date "2004.??.??"]
[Round "11"]
[White "Renman, Nils-Gustaf"]
[Black "Ornstein, Axel"]
[Result "1-0"]
[WhiteElo "2409"]
[BlackElo "2447"]
[PlyCount "87"]

1. d4 Nf6 2. Nf3 e6 3. c4 d5 4. Nc3 Be7 5. Bg5 O-O 6. e3 h6 7. Bh4 b6 8. Rc1
Bb7 9. Bxf6 Bxf6 10. cxd5 exd5 11. b4 a6 12. Be2 Qd6 13. Qb3 b5 14. O-O Re8 15.
Bxb5 c6 16. Bd3 Nd7 17. Na4 Reb8 18. Qc3 Be7 19. Rb1 Bc8 20. Rfc1 Nb6 21. Nc5
Nd7 22. Rb3 Nxc5 23. bxc5 Qc7 24. Rcb1 Rxb3 25. Qxb3 Bd8 26. e4 dxe4 27. Bxe4
Be6 28. Qb7 Qxb7 29. Rxb7 Bxa2 30. Bxc6 Rc8 31. Bd7 Rc7 32. Rb8 Rxd7 33. c6 Rc7
34. Rxd8+ Kh7 35. d5 Bxd5 36. Rxd5 Rxc6 37. Kf1 Rb6 38. Ke2 f6 39. Ra5 g5 40.
h4 Kg6 41. g4 Rb2+ 42. Kf1 Rb4 43. hxg5 Rf4 44. Nh4+ 1-0

[Event "Elit(Schack08-SodraSASS)"]
[Site "?"]
[Date "2004.??.??"]
[Round "11"]
[White "Alm, Hakan"]
[Black "Lejlic, Samir"]
[Result "0-1"]
[WhiteElo "2335"]
[BlackElo "2401"]
[PlyCount "88"]

1. d4 d5 2. c4 Bf5 3. Nc3 e6 4. Nf3 Nc6 5. cxd5 exd5 6. Bf4 Nf6 7. e3 a6 8. Bd3
Bxd3 9. Qxd3 Bd6 10. Bg5 Be7 11. O-O O-O 12. Qf5 g6 13. Qh3 Re8 14. Rac1 Na7
15. Ne5 Nb5 16. Ne2 Nd6 17. Nf4 c6 18. Rxc6 bxc6 19. Nxc6 Qc8 20. Nxe7+ Rxe7
21. Bxf6 Qxh3 22. gxh3 Rb7 23. Nxd5 Rxb2 24. Rc1 Ne4 25. Bh4 Rab8 26. Rc7 g5
27. Re7 f5 28. Bg3 Nxg3 29. hxg3 Rxa2 30. Nf6+ Kf8 31. Rd7 Rb6 32. Nxh7+ Ke8
33. Rd5 Rb5 34. g4 Rxd5 35. Nf6+ Ke7 36. Nxd5+ Kd6 37. Nb6 fxg4 38. hxg4 Kc6
39. Nc4 Kd5 40. Ne5 a5 41. f4 gxf4 42. exf4 Rb2 43. g5 a4 44. g6 a3 0-1

[Event "Elit(Schack08-SodraSASS)"]
[Site "?"]
[Date "2004.??.??"]
[Round "11"]
[White "Lundvik, Jonas"]
[Black "Karlsson, Tomas"]
[Result "1/2-1/2"]
[WhiteElo "2286"]
[BlackElo "2296"]
[PlyCount "149"]

1. d4 Nf6 2. Nf3 g6 3. g3 Bg7 4. Bg2 d5 5. O-O O-O 6. c4 dxc4 7. Ne5 Nfd7 8.
Nxc4 Nb6 9. Ne5 N8d7 10. Nf3 e5 11. Nc3 exd4 12. Nxd4 Nc5 13. Ndb5 Ne6 14. Nd5
Nxd5 15. Qxd5 c6 16. Qxd8 Rxd8 17. Nc3 Nd4 18. Bg5 Re8 19. e4 Bg4 20. f3 Be6
21. Rad1 b5 22. a3 a5 23. e5 Bxe5 24. Ne4 Bb3 25. Rd2 Bd5 26. Nf6+ Bxf6 27.
Bxf6 Nf5 28. Rc1 Ne3 29. Bh1 Nc4 30. Rf2 Re6 31. Bc3 Rae8 32. Bg2 Ne5 33. Rd1
Bb3 34. Re1 b4 35. axb4 axb4 36. Bd2 Nd3 37. Rxe6 Rxe6 38. Rf1 Re2 39. Bh6 Nxb2
40. Ra1 Na4 41. Bf1 Re8 42. Rb1 Bd5 43. Rxb4 Nc5 44. Kf2 Ne6 45. Bh3 f5 46. g4
fxg4 47. Bxg4 Nc5 48. Kg3 Kf7 49. h4 Be6 50. h5 Bxg4 51. fxg4 Ne6 52. hxg6+
hxg6 53. Be3 Kf6 54. Re4 Ra8 55. Kf3 Ra3 56. Rc4 Ke5 57. Ke2 Kd5 58. Rc1 c5 59.
Rf1 Ke4 60. Bc1 Nd4+ 61. Kd2 Ra2+ 62. Kd1 Ra1 63. Re1+ Kf3 64. Re3+ Kxg4 65.
Kd2 Nf3+ 66. Kc2 Ra6 67. Kc3 Rf6 68. Kc4 Rf5 69. Re6 g5 70. Be3 Re5 71. Rxe5
Nxe5+ 72. Kd5 Kf3 73. Bxg5 Nd3 74. Be7 Ke2 75. Bxc5 1/2-1/2

[Event "Elit(Schack08-SodraSASS)"]
[Site "?"]
[Date "2004.??.??"]
[Round "11"]
[White "Thoren, Per"]
[Black "Winge, Stefan"]
[Result "0-1"]
[WhiteElo "2268"]
[BlackElo "2290"]
[PlyCount "149"]

1. e4 c5 2. Nf3 Nc6 3. d4 cxd4 4. Nxd4 Nf6 5. Nc3 e5 6. Ndb5 d6 7. Bg5 a6 8.
Na3 b5 9. Bxf6 gxf6 10. Nd5 f5 11. c3 Bg7 12. exf5 Bxf5 13. Nc2 O-O 14. Nce3
Be6 15. Bd3 f5 16. Bc2 Ne7 17. O-O Rc8 18. Bb3 Kh8 19. Qh5 a5 20. a3 e4 21. f4
b4 22. axb4 axb4 23. Kh1 bxc3 24. bxc3 Bxc3 25. Ra7 Bf7 26. Qh3 Nxd5 27. Nxd5
Bd4 28. Rb7 Rb8 29. Rxb8 Qxb8 30. Rd1 Bg7 31. Qe3 Rc8 32. g4 Be6 33. gxf5 Bxf5
34. Qb6 Qxb6 35. Nxb6 Rb8 36. Rxd6 e3 37. Kg1 e2 38. Kf2 Rxb6 39. Rxb6 Bd4+ 40.
Kxe2 Bxb6 41. Kf3 Kg7 42. Bc4 Kf6 43. Ba2 Bc7 44. Bd5 Bd7 45. Be4 h6 46. Bd5
Ke7 47. Be4 Kd6 48. Bb7 Bh3 49. Kg3 Bf5 50. Kf3 Kc5 51. Be4 Bd7 52. Bg6 Kd4 53.
h4 Bd8 54. h5 Bh4 55. Bf7 Be7 56. Bg6 Bd6 57. Bf7 Bc6+ 58. Kf2 Bxf4 59. Bg6 Ke5
60. Bf7 Bh2 61. Bg6 Kf4 62. Bf7 Bf3 63. Be8 Bg3+ 64. Kg1 Kg4 65. Bf7 Bc6 66.
Bg6 Kf3 67. Bf7 Bf4 68. Kf1 Bd2 69. Bg6 Bd5 70. Bd3 Bc3 71. Be2+ Kg3 72. Kg1
Bd4+ 73. Kf1 Bf2 74. Bf3 Bf7 75. Bd1 0-1

[Event "Elit(Manhem-Passanten)"]
[Site "?"]
[Date "2004.??.??"]
[Round "11"]
[White "Landgren, Philip"]
[Black "Cramling, Pia"]
[Result "0-1"]
[WhiteElo "2316"]
[BlackElo "2557"]
[PlyCount "106"]

1. d4 d5 2. c4 c6 3. Nc3 Nf6 4. e3 Bf5 5. cxd5 cxd5 6. Qb3 Bc8 7. Nf3 e6 8. Bd3
Nc6 9. O-O Be7 10. Ne5 Nxe5 11. dxe5 Nd7 12. f4 O-O 13. Qc2 g6 14. Nb5 Nc5 15.
Nd4 Bd7 16. b3 Rc8 17. Qe2 f6 18. Bb2 fxe5 19. fxe5 Nxd3 20. Qxd3 Bc5 21. Rxf8+
Qxf8 22. Rf1 Qh6 23. Rf6 Qg5 24. Nxe6 Qxe3+ 25. Qxe3 Bxe3+ 26. Kf1 Bxe6 27.
Rxe6 Rc2 28. Ba3 Rf2+ 29. Ke1 Rxa2 30. Re8+ Kg7 31. Re7+ Kh6 32. Bb4 a5 33. Bd6
d4 34. Rd7 a4 35. bxa4 Rxa4 36. e6 d3 37. Bf8+ Kg5 38. Rxd3 Re4 39. e7 Bc5+ 40.
Kf1 Bxe7 41. Bg7 Kf5 42. h3 Ke6 43. Kf2 b5 44. Kf3 Re1 45. h4 Rf1+ 46. Kg3 Rh1
47. Rd4 b4 48. Re4+ Kd7 49. Rd4+ Ke6 50. Re4+ Kf7 51. Bd4 b3 52. Re3 Bxh4+ 53.
Kf4 Bf2 0-1

[Event "Elit(Manhem-Passanten)"]
[Site "?"]
[Date "2004.??.??"]
[Round "11"]
[White "Olausson, Claes-Goran"]
[Black "Bellon Lopez, Juan"]
[Result "0-1"]
[WhiteElo "2390"]
[BlackElo "2501"]
[PlyCount "76"]

1. Nf3 c5 2. c4 g6 3. g3 Bg7 4. Bg2 Nc6 5. O-O d6 6. Nc3 Bg4 7. h3 Bxf3 8. Bxf3
Qd7 9. Bg2 e6 10. a3 Nge7 11. Rb1 Rc8 12. d3 O-O 13. Bd2 d5 14. cxd5 exd5 15.
Qa4 Rfd8 16. Rfc1 Qe6 17. b4 cxb4 18. axb4 Nd4 19. Re1 a6 20. Qa2 Qd7 21. Rbc1
Rc6 22. e3 Ne6 23. Na4 Rdc8 24. h4 Rxc1 25. Rxc1 Rxc1+ 26. Bxc1 Qb5 27. Qb3 a5
28. Bd2 d4 29. Qa3 dxe3 30. fxe3 Nf5 31. bxa5 Bf8 32. Qa2 Qxd3 33. Bxb7 Nxg3
34. Qd5 Qf1+ 35. Kh2 Qf2+ 36. Kh3 Nf1 37. Qg2 Qf5+ 38. Qg4 Qc2 0-1

[Event "Elit(Manhem-Passanten)"]
[Site "?"]
[Date "2004.??.??"]
[Round "11"]
[White "Kinnmark, Ove"]
[Black "Burwick, Malte"]
[Result "1/2-1/2"]
[WhiteElo "2324"]
[BlackElo "2282"]
[PlyCount "28"]

1. e4 g6 2. d4 Bg7 3. Nf3 d6 4. Be2 Nf6 5. Nc3 O-O 6. O-O c6 7. a4 Nbd7 8. Bf4
Qa5 9. Nd2 e5 10. Nc4 Qc7 11. dxe5 dxe5 12. Be3 Rd8 13. Qd6 Qxd6 14. Nxd6 Bf8
1/2-1/2

[Event "Elit(Manhem-Passanten)"]
[Site "?"]
[Date "2004.??.??"]
[Round "11"]
[White "Sanden, Stefan"]
[Black "Moberg, Karl-Johan"]
[Result "1/2-1/2"]
[WhiteElo "2321"]
[BlackElo "2338"]
[PlyCount "75"]

1. e4 e5 2. Nf3 Nc6 3. Bb5 a6 4. Ba4 Nf6 5. O-O b5 6. Bb3 Bc5 7. c3 d6 8. d4
Bb6 9. a4 Bg4 10. d5 Ne7 11. h3 Bd7 12. Re1 h6 13. Be3 Bxe3 14. Rxe3 Ng6 15.
Kh2 O-O 16. Nbd2 Nf4 17. Ng1 Qc8 18. axb5 axb5 19. Rxa8 Qxa8 20. g3 Ng6 21. Re1
Nh7 22. Qe2 Qa7 23. Qe3 Qxe3 24. Rxe3 Ra8 25. Ngf3 f5 26. exf5 Bxf5 27. Ne4
Bxe4 28. Rxe4 Nf6 29. Re1 Kf8 30. Kg2 Ne7 31. Rd1 Nd7 32. Rd2 Ra1 33. Nh4 Nc5
34. Bc2 Ra2 35. Bb1 Ra1 36. Bc2 Ra2 37. Bb1 Ra1 38. Bc2 1/2-1/2

[Event "Elit(Manhem-Passanten)"]
[Site "?"]
[Date "2004.??.??"]
[Round "11"]
[White "Nygren, Kim"]
[Black "Andersson, Mats"]
[Result "1/2-1/2"]
[WhiteElo "2301"]
[BlackElo "2341"]
[PlyCount "55"]

1. e4 e5 2. Nf3 Nf6 3. Nxe5 d6 4. Nf3 Nxe4 5. Nc3 Nxc3 6. dxc3 Nc6 7. Bf4 Qd7
8. Qd2 Qe6+ 9. Be2 Be7 10. O-O O-O 11. Rfe1 Qg6 12. Bd3 Bf5 13. Re3 Bf6 14.
Rae1 Rad8 15. h3 Ne5 16. Bxe5 dxe5 17. Bxf5 Qxf5 18. Qe2 Qe6 19. b3 Rfe8 20.
Qb5 Qb6 21. Qxb6 axb6 22. Nxe5 Rxe5 23. Rxe5 Bxe5 24. Rxe5 Rd1+ 25. Kh2 Kf8 26.
Re2 b5 27. f3 Ra1 28. Re5 1/2-1/2